100 vragen verrassingsquiz - 100 vragen quiz - quiz 2023 - Statistieken

Algemene statistieken
  • Deze quiz is 42 keer genomen
  • De gemiddelde score is 45 van 101
Antwoordstatistieken
Hint Antwoord % Correct
Welk getal is een dozijn 12
100%
Hoeveel continenten zijn er 6
97%
Hoeveel autoloze zondagen waren er toen 10
90%
Hoeveel centimeter is 1 meter 100
90%
Welke dieren behoren tot huisdieren (enkelvoud!!) Hond
90%
Welke dieren behoren tot huisdieren (enkelvoud!!) Kat
90%
De . . . . . valt niet ver van de boom (vul het woord in, tel de punten) Appel
81%
De hoogste bergtop Mount Everest
81%
Hoe noem je een luxe chocolade snoepje Bonbon
77%
Wie bouwde de Ark Noach
77%
Noem het zuidelijkste land van Afrika Zuid Afrika
77%
Welke dieren behoren tot huisdieren (enkelvoud!!) Cavia
74%
Noem een schelpdier Mossel
74%
Noem de provincie die er het laatst bij kwam Flevoland
71%
Noem de hoofdstad van Israel Jeruzalem
71%
Welke dieren behoren tot huisdieren (enkelvoud!!) Konijn
71%
Welk bedrijf maakte Eindhoven bekend Philips
71%
Noem drie soorten wijnen naar kleur rosé
71%
Noem een groot brandstofmerk Shell
71%
Welke Pastasoort bij bolognese Spaghetti
71%
Waar ligt het drielandenpunt in Nederland Vaals
71%
Noem drie soorten wijnen naar kleur witte
71%
Wat is de hoofdstad van Kroatie Zagreb
71%
De vinger op de . . . . plek leggen Zere
71%
Wat is het kenteken van het koninklijk huis AA
68%
Noem een bekend Nederlands koffiemerk Douwe Egberts
68%
Noem een schelpdier Oester
68%
Noem een bekend Spaans gerecht Paella
68%
Noem drie soorten wijnen naar kleur rode
68%
Munteenheid van Canada Dollar
65%
Wat is de bekendste kathedraal van Parijs Notre Dame
65%
Hoe heet het eerste Bijbelboek Genesis
61%
Waar ligt de hoogste bergtop (noem geen land) Himalaya
61%
Noem de provincie met de grootste stormvloedkering Zeeland
61%
Noem het grootste zoetwatermeer van Nederland IJsselmeer
58%
Wat is de afkorting van het Iers Republikeins Leger IRA
58%
Hoeveel keer won een Belgische wielrenner de Tour de France 18
55%
Bevrijdingsdag in Nederland (datum en jaartal) 5 mei 1945
55%
De grootste akkerbouwgewassen Aardappel
52%
Hoe heet een vrouwelijk schaap Ooi
52%
Welk getal is een gros 144
48%
In welk jaar was de bekendste eerste autoloze zondag 1973
48%
Een . . . . . . naar zijn vaartje (vul het woord in, tel de punten) Aardje
48%
Hoe heet een onhoudbare service bij tennis Ace
48%
Wat is het autokenteken van Cyprus CY
48%
Bij welke berg ligt het drielandenpunt Vaalserberg
48%
Noem een groot brandstofmerk BP
45%
Welke Nederlandse wielrenner won de Tour de France Joop Zoetemelk
45%
Hoe noem je een luxe chocolade snoepje (ander woord) Praline
45%
Begin van de tweede wereldoorlog in Nederland (datum en jaartal) 10 mei 1940
42%
Noem een bekende Nederlandse attractie De Efteling
42%
De grootste akkerbouwgewassen Graan
42%
Hoe noem je gegrild schapenvlees Kebab
42%
Wat was de voormalige Italiaanse munt Lire
42%
In welke oceaan ligt dat diepste punt Stille Oceaan
42%
Wat is de langste rivier van Europa Wolga
42%
Waar is het papier uitgevonden (land) China
39%
Hoe heette de moeder van Wilhelmina Emma
39%
Hoe noem je een groep samen vliegende insecten Zwerm
39%
Hoeveel meter ligt de hoogste bergtop boven zeeniveau 8.848
35%
Noem een groot brandstofmerk Esso
35%
Noem een bekend buitenverblijf bij Apeldoorn Het Loo
35%
Welke Nederlandse wielrenner won de Tour de France Jan Janssen
35%
Hoe noem je een Friese vluchtheuvel Terp
35%
Welke dieren behoren tot huisdieren (enkelvoud!!) Kip
32%
Hoofdstad van Groenland Nuuk
32%
Hoe heet het laatste Bijbelboek Openbaringen
29%
Noem een typisch Nederlandse groente Spruiten
29%
Noem het dorp waar bijna alle mosselen geveild worden Yerseke
29%
Noem een typisch Nederlandse groente Bonen
26%
Noem een schelpdier Kokkel
26%
Noem een groot brandstofmerk Total
26%
De grootste akkerbouwgewassen Ui
26%
Noem een bekende Nederlandse attractie Artis
23%
Wat was/is de koek stad van Nederland Deventer
23%
Noem een typisch Nederlandse groente Spinazie
23%
Noem een typisch Nederlandse groente Andijvie
19%
Noem een bekende runderziekte BSE
19%
In welke Zee mond deze rivier uit Kaspische Zee
19%
Noem een schelpdier Slak
19%
De grootste akkerbouwgewassen Suikerbiet
19%
Wanneer was de gouden eeuw (globaal einde jaartal) 1675
16%
Finse regio met verregaande autonomie Åland
16%
Noem een typisch Nederlandse groente Erwten
16%
Munteenheid van Hongarije Forint
16%
Hoe heet het inspraak orgaan binnen een bedrijf Ondernemingsraad
16%
Hoe noem je een borrel voor scheepsvolk Oorlam
16%
Noem een schelpdier Sint Jacobsschelp
16%
Wanneer was de gouden eeuw (globaal aanvang jaartal) 1575
13%
Noem een typisch Nederlandse groente Rode bieten
13%
Noem een typisch Nederlandse groente Witlof
13%
En wat is de lengte van deze rivier in kilometers 3530
10%
Welke dieren behoren tot huisdieren (enkelvoud!!) Duif
10%
Andere naam voor de hoofdstad van Groenland Godthab
10%
Noem een bekende Nederlandse attractie Rijksmuseum
10%
Hoe diep is dat diepste punt in meters 10925
6%
Hoe heet het diepste punt in zee Challengerdiepte
6%
Van wie is het gedicht "mij" Gorter
6%
Wat is een continent (noem niet de namen) aaneengesloten landen
3%
Noem een schelpdier Inktvis
3%
In welke zee ligt deze Finse regio Scherenzee
3%
Geen overeenkomende quizzen gevonden
Scoreverdeling
Procent van Mensen met Elke Score
Percentiel versus Aantal Correcte Antwoorden
Uw Scoregeschiedenis
U heeft deze quiz nog niet genomen